000 01095nam0a22002411 4500
001 rc\2703381
005 20250623171018.0
035 _a(NLR Aleph) 006831494
090 _a6549826
_c6549826
100 _a20110915d1934 |||y0rusy50 ca
101 0 _arus
102 _aRU
105 _aa z |||||
200 1 _aПромфинплан фильмопродвижения
_eКонспект лекций, читанных в 1934 г. на курсах повышения квалификации фильмопродвиженцев и адм.-техн. персонала Ленингр. обл. к-ры "Росснабфильм"
_fА. Е. Вестберг
210 _a[Ленинград]
_cЛОК "Роснабфильм"
_d[1934]
_gстекл. Обл. сов. ОАХ
215 _aОбл., [60] с. разд. паг., без тит. л., 1 вкл. л. табл.
_d31х21 см.
700 1 _aВестберг
_bА.Е.
_gАлексей Евгеньевич
801 0 _aRU
_bNLR
_gpsbo
801 1 _aRU
_bELAR
_2rusmarc
852 _aNLR
_j34-13/1073
942 _cBOOK
980 _aNB